Socio-economic survey of the Jangam community in Sangli District (Record no. 20371)

MARC details
000 -LEADER
fixed length control field 00523nam a2200157Ia 4500
082 ## - DEWEY DECIMAL CLASSIFICATION NUMBER
Classification number RS.0587
100 ## - MAIN ENTRY--AUTHOR NAME
Personal name Swami, R.K.
245 #0 - TITLE STATEMENT
Title Socio-economic survey of the Jangam community in Sangli District
260 ## - PUBLICATION, DISTRIBUTION, ETC. (IMPRINT)
Year of publication 2001
Name of publisher Indian Council of Social Science Research, New Delhi
300 ## - PHYSICAL DESCRIPTION
Number of Pages 271p.
504 ## - BIBLIOGRAPHY, ETC. NOTE
Bibliography, etc Bibliography at the end.
650 ## - SUBJECT ADDED ENTRY--TOPICAL TERM
Topical Term JANGAMS - SOCIO-ECONOMIC STATUS
650 ## - SUBJECT ADDED ENTRY--TOPICAL TERM
Topical Term COMMUNITY DEVELOPMENT - SANGLI DISTRICT
710 ## - ADDED ENTRY--CORPORATE NAME
Corporate name or jurisdiction name as entry element L.E.Society's G.A.College of Commerce, Sangli (M.S.)
942 ## - ADDED ENTRY ELEMENTS (KOHA)
Koha item type Research Reports
Source of classification or shelving scheme Dewey Decimal Classification
Holdings
Withdrawn status Lost status Damaged status Not for loan Collection code Home library Current library Date acquired Bill Date Full call number Accession Number Price effective from Koha item type
      Not For Loan Minor Research project Reports NASSDOC Library NASSDOC Library 08/10/2004 2004-10-05 RS.0587 38283 18/04/2019 Research Reports
          NASSDOC Library NASSDOC Library 08/10/2004 2004-10-05 RS.0587 38284 18/04/2019 Books